000 00558 a2200145 4500
005 20250519104630.0
020 _a0 435 89582 6
082 _aLECT 378.67 MAL
100 _aMALIYAMKONO, T. L.
245 _aTraining and Productivity in Eastern Africa: A Report of the Eastern African University Research Project on the Impact of Overseas Training and Development.
260 _aLondon,
_bHeinemann,
_c1982.
300 _axii, 385p.: ill.; table.
_bBibliography & Index.
_c22cm.
700 _aISHUMI, A. G., WELLS, S. J. & MIGOT-ADHOLLA, S. E.
942 _2ddc
_cBKS
999 _c2436
_d2436